| 000 | 00400cam a2200145ua 4500 | ||
|---|---|---|---|
| 003 | OSt | ||
| 008 | 241227b |||||||| |||| 00| 0 eng d | ||
| 041 | _aeng | ||
| 082 |
_a515.35 _bPIA/EL |
||
| 100 |
_aPiaggio, H T H . _96636 |
||
| 245 | _aElementary treatise on differential equations and their applications / | ||
| 260 |
_aLondon : _bOrient-Longman Ltd , _c1920. |
||
| 300 | _a256 ; . | ||
| 942 | _cBK | ||
| 999 |
_c9043 _d9043 |
||